[Event "Solingen-ch 2013"]
[Site "Solingen"]
[Date "2013.11.29"]
[Round "6.17"]
[White "Barche, Uwe"]
[Black "Muschallik, Sven"]
[Result "0-1"]
[WhiteElo "1187"]
[BlackElo "951"]
[PlyCount "112"]
[EventDate "2013.??.??"]
[EventRounds "7"]
[WhiteTeam "SG Solingen e.V."]
[BlackTeam "SG Solingen e.V."]

1. c4 e5 2. g3 Bc5 3. Bg2 Nf6 4. Nc3 Nc6 5. Nf3 d6 6. d3 O-O 7. O-O h6 8. a3 a6
9. b4 Ba7 10. Bb2 Nd4 11. e3 Nxf3+ 12. Bxf3 c6 13. Bg2 Bd7 14. Rc1 Rc8 15. Qb3
b5 16. Rfd1 Ng4 17. Rc2 Bxe3 18. Ne4 Qe7 19. h3 Bxf2+ 20. Nxf2 Ne3 21. Re2 Nxd1
22. Qxd1 bxc4 23. d4 f6 24. dxe5 fxe5 25. Kh2 Rf5 26. Qc2 d5 27. Ng4 e4 28. Qc3
Rh5 29. Ne5 Rf8 30. Ng6 Qf7 31. Nxf8 Kxf8 32. Qd4 Bg4 33. Rf2 Bf3 34. h4 Rf5
35. Bxf3 Rxf3 36. Kg2 Rxf2+ 37. Qxf2 Qxf2+ 38. Kxf2 g6 39. Bd4 Ke7 40. Ke3 Kd6
41. Kf4 c3 42. Bxc3 c5 43. bxc5+ Kxc5 44. Ke5 Kc4 45. Bb4 e3 46. Kf6 d4 47. Ke5
Kd3 48. g4 e2 49. a4 Ke3 50. Kf6 d3 51. Kxg6 d2 52. Bxd2+ Kxd2 53. Kxh6 e1=Q
54. g5 Qxh4+ 55. Kg6 Qxa4 56. Kh6 Qe8 0-1

[Event "Solingen-ch 2013"]
[Site "Solingen"]
[Date "2013.12.13"]
[Round "7.1"]
[White "Kniest, Oliver"]
[Black "Görke, Joachim"]
[Result "1/2-1/2"]
[WhiteElo "2309"]
[BlackElo "2094"]
[PlyCount "37"]
[EventDate "2013.??.??"]
[EventRounds "7"]
[WhiteTeam "SG Solingen e.V."]
[BlackTeam "SG Solingen e.V."]

1. d4 e6 2. c4 b6 3. Nf3 Bb7 4. a3 f5 5. Nc3 Nf6 6. g3 Be7 7. Bg2 O-O 8. d5
exd5 9. cxd5 d6 10. Nd4 Qd7 11. O-O c5 12. dxc6 Nxc6 13. Nd5 Nxd4 14. Qxd4 Nxd5
15. Bxd5+ Kh8 16. Bxb7 Qxb7 17. Be3 Bf6 18. Qb4 Qe4 19. Ra2 1/2-1/2

[Event "Solingen-ch 2013"]
[Site "Solingen"]
[Date "2013.12.13"]
[Round "7.2"]
[White "Vranidis, Athanassios"]
[Black "Schockenbäumer, Dirk"]
[Result "1/2-1/2"]
[WhiteElo "1861"]
[BlackElo "2158"]
[PlyCount "24"]
[EventDate "2013.??.??"]
[EventRounds "7"]
[WhiteTeam "SG Solingen e.V."]
[BlackTeam "SG Solingen e.V."]

1. d4 Nf6 2. c4 g6 3. Nc3 d5 4. cxd5 Nxd5 5. e4 Nxc3 6. bxc3 Bg7 7. Nf3 O-O 8.
Be2 c5 9. Rb1 cxd4 10. cxd4 b6 11. O-O Bb7 12. d5 Ba6 1/2-1/2

[Event "Solingen-ch 2013"]
[Site "Solingen"]
[Date "2013.12.13"]
[Round "7.3"]
[White "Hobusch, Jan"]
[Black "Große-Hering, Peter"]
[Result "1-0"]
[WhiteElo "2078"]
[BlackElo "1926"]
[PlyCount "137"]
[EventDate "2013.??.??"]
[EventRounds "7"]
[WhiteTeam "SG Solingen e.V."]
[BlackTeam "SV Horst-Emscher 31"]

1. e4 d6 2. d4 Nf6 3. Nc3 g6 4. Bg5 Bg7 5. e5 dxe5 6. dxe5 Ng4 7. Qxd8+ Kxd8 8.
Rd1+ Bd7 9. e6 fxe6 10. Be2 Ne5 11. Nf3 Nbc6 12. O-O Nf7 13. Rfe1 Bxc3 14. bxc3
Nd6 15. Nd4 Ne5 16. Bf1 Nef7 17. Bf4 e5 18. Bxe5 Nxe5 19. Rxe5 Rf8 20. c4 Ke8
21. Rde1 Rf7 22. c5 Nf5 23. Bc4 Rg7 24. Nb5 Bxb5 25. Bxb5+ c6 26. Bd3 Rf7 27.
Rb1 Rb8 28. Re4 Kd8 29. Ra4 e5 30. Rxa7 Nd4 31. Re1 Re7 32. Ra4 Kd7 33. c3 Nf5
34. Rae4 Rbe8 35. g3 Ra8 36. Bc4 Ra3 37. Bb3 Ra5 38. Rxe5 Rxe5 39. Rxe5 b6 40.
Be6+ Kd8 41. Bxf5 gxf5 42. Rxf5 bxc5 43. Re5 Kd7 44. Re2 Kd6 45. c4 Ra4 46. Re4
Rxa2 47. Kg2 Rd2 48. Kf3 Rd3+ 49. Kf4 Rd2 50. Ke3 Ra2 51. h4 Ra3+ 52. Kf4 h5
53. f3 Ra7 54. g4 Rf7+ 55. Kg5 Rxf3 56. Kxh5 Rd3 57. Kg5 Rd4 58. Kf5 Rd1 59. h5
Rh1 60. Kg6 Rd1 61. h6 Rd4 62. Kf5 Rd1 63. g5 Rh1 64. Kg6 Ra1 65. h7 Ra8 66.
Kg7 Ra7+ 67. Kh6 Rf7 68. h8=Q Rh7+ 69. Kxh7 1-0

[Event "Solingen-ch 2013"]
[Site "Solingen"]
[Date "2013.12.13"]
[Round "7.4"]
[White "Kesseler, Heiko"]
[Black "Müller, Ernst"]
[Result "1-0"]
[WhiteElo "2024"]
[BlackElo "1586"]
[PlyCount "85"]
[EventDate "2013.??.??"]
[EventRounds "7"]
[WhiteTeam "Elberfelder SG"]
[BlackTeam "SG Solingen e.V."]

1. e4 e5 2. Nf3 Nc6 3. Bb5 a6 4. Ba4 Nf6 5. d4 b5 6. Bb3 Nxe4 7. O-O d5 8. Re1
Bg4 9. dxe5 Be6 10. c3 Bc5 11. Be3 Bxe3 12. Rxe3 Nc5 13. Bc2 h6 14. b4 Nd7 15.
Qd3 Ne7 16. Nd4 c5 17. Nxe6 fxe6 18. Qe2 O-O 19. Qg4 Nf5 20. Re1 Qe8 21. Nd2
Rc8 22. a4 cxb4 23. Qxb4 Qe7 24. Bxf5 Nc5 25. Bc2 Qf7 26. Nf3 Nxa4 27. Bxa4 Rc4
28. Qa5 bxa4 29. Rxa4 Rc6 30. Qb4 Rfc8 31. Ra3 Rc4 32. Qb2 Rg4 33. Qe2 Rcc4 34.
Nd4 Re4 35. Qd2 Qf4 36. Qd1 Qxe5 37. Rxe4 Qxe4 38. h3 e5 39. Nf3 Rc6 40. Ra4
Rc4 41. Rxa6 Rxc3 42. Ra8+ Kh7 43. Ng5+ 1-0

[Event "Solingen-ch 2013"]
[Site "Solingen"]
[Date "2013.12.13"]
[Round "7.5"]
[White "Nink, Niklas"]
[Black "Zolfagharian, Kevin"]
[Result "0-1"]
[WhiteElo "1454"]
[BlackElo "2041"]
[PlyCount "60"]
[EventDate "2013.??.??"]
[EventRounds "7"]
[WhiteTeam "SG Solingen e.V."]
[BlackTeam "SG Solingen e.V."]

1. e4 c5 2. Nf3 Nc6 3. d4 cxd4 4. Nxd4 Nf6 5. Nc3 d6 6. Bg5 e6 7. f4 Be7 8. Qf3
Nxd4 9. Qd3 Nc6 10. O-O-O O-O 11. h4 a6 12. Be2 Qa5 13. Qg3 b5 14. Bh6 Ne8 15.
e5 dxe5 16. fxe5 b4 17. Ne4 Qxe5 18. Bf4 Qxe4 19. Bd3 Nd4 20. Rhe1 Qc6 21. Be4
Qc4 22. b3 Ne2+ 23. Rxe2 Qxe2 24. Bxa8 Bf6 25. Re1 Qh5 26. Bf3 Qxh4 27. Qxh4
Bxh4 28. Rh1 Be7 29. Be4 Nf6 30. Bd3 Bb7 0-1

[Event "Solingen-ch 2013"]
[Site "Solingen"]
[Date "2013.12.13"]
[Round "7.7"]
[White "Sherif, Amina"]
[Black "Boschek, Dr. Hans-Joachim"]
[Result "1-0"]
[WhiteElo "1685"]
[BlackElo "1921"]
[PlyCount "51"]
[EventDate "2013.??.??"]
[EventRounds "7"]
[WhiteTeam "SG Solingen e.V."]
[BlackTeam "SV 1922 Hilden"]

1. e4 c5 2. Nc3 Nc6 3. g3 g6 4. Bg2 Bg7 5. d3 d6 6. Nge2 e6 7. Be3 Nd4 8. Qd2
Rb8 9. Nd1 Nxe2 10. Qxe2 Ne7 11. O-O O-O 12. Qd2 e5 13. c3 Qa5 14. Bh6 Be6 15.
Bxg7 Kxg7 16. f4 f5 17. fxe5 dxe5 18. exf5 Nxf5 19. Qe2 Rbe8 20. Qxe5+ Kg8 21.
d4 Bc4 22. Bd5+ Bxd5 23. Qxd5+ Kh8 24. Qxc5 Qxc5 25. dxc5 Re2 26. g4 1-0

[Event "Solingen-ch 2013"]
[Site "Solingen"]
[Date "2013.12.13"]
[Round "7.8"]
[White "Ferger, Jürgen"]
[Black "Mentzel, Markus"]
[Result "1/2-1/2"]
[WhiteElo "1852"]
[BlackElo "1760"]
[PlyCount "47"]
[EventDate "2013.??.??"]
[EventRounds "7"]
[WhiteTeam "SG Solingen e.V."]
[BlackTeam "SG Solingen e.V."]

1. d4 d5 2. c4 c6 3. Nc3 Nf6 4. Bg5 e6 5. e3 Be7 6. Nf3 h6 7. Bh4 Ne4 8. Bxe7
Qxe7 9. Nxe4 dxe4 10. Nd2 f5 11. f3 exf3 12. Qxf3 O-O 13. Be2 Nd7 14. c5 e5 15.
Nc4 e4 16. Qh5 Nf6 17. Qh4 Be6 18. Ne5 Nd5 19. Qxe7 Nxe7 20. O-O Rf6 21. Bc4
Bxc4 22. Nxc4 Nd5 23. Rae1 g6 24. Re2 1/2-1/2

[Event "Solingen-ch 2013"]
[Site "Solingen"]
[Date "2013.12.13"]
[Round "7.9"]
[White "Skiber, Friedel"]
[Black "Kissing, Bastian"]
[Result "0-1"]
[WhiteElo "1729"]
[BlackElo "1577"]
[PlyCount "60"]
[EventDate "2013.??.??"]
[EventRounds "7"]
[WhiteTeam "SG Solingen e.V."]
[BlackTeam "SC Tornado Wuppertal 199"]

1. e4 c5 2. Nf3 d6 3. d4 cxd4 4. Nxd4 Nf6 5. f4 Nxe4 6. Bd3 Nc5 7. O-O Qb6 8.
Kh1 Nxd3 9. Qxd3 Nc6 10. Nf3 g6 11. Nc3 Bf5 12. Qe2 Bg7 13. Nd5 Qa5 14. c4 O-O
15. a3 Qd8 16. Ra2 Bd7 17. b4 e6 18. Ne3 e5 19. b5 Nd4 20. Nxd4 exd4 21. Nd5
Re8 22. Qf3 Bf5 23. g4 Be4 24. Raf2 Bxf3+ 25. Rxf3 Qh4 26. f5 Re2 27. h3 Rae8
28. f6 Bf8 29. Bf4 Re1 30. Ne7+ Bxe7 0-1

[Event "Solingen-ch 2013"]
[Site "Solingen"]
[Date "2013.12.13"]
[Round "7.10"]
[White "Grah, Uli"]
[Black "Kaiser, Stephan"]
[Result "1-0"]
[WhiteElo "1809"]
[BlackElo "1483"]
[PlyCount "27"]
[EventDate "2013.??.??"]
[EventRounds "7"]
[WhiteTeam "SG Solingen e.V."]
[BlackTeam "SG Solingen e.V."]

1. e4 e5 2. Nf3 Nc6 3. Bb5 a6 4. Ba4 Nf6 5. O-O d6 6. Re1 b5 7. Bb3 Be7 8. c3
O-O 9. d4 exd4 10. cxd4 Bg4 11. Be3 Nxe4 12. Bd5 Nxf2 13. Bxf2 Qd7 14. Bxc6 1-0

[Event "Solingen-ch 2013"]
[Site "Solingen"]
[Date "2013.12.13"]
[Round "7.11"]
[White "Nguyen, Gia Huy Philipp"]
[Black "Krämer, Roland"]
[Result "0-1"]
[WhiteElo "1625"]
[BlackElo "1637"]
[PlyCount "50"]
[EventDate "2013.??.??"]
[EventRounds "7"]
[WhiteTeam "SG Solingen e.V."]
[BlackTeam "SF Josefsheim Bigge"]

1. e4 c5 2. Nf3 d6 3. d4 cxd4 4. Nxd4 Nf6 5. Nc3 g6 6. Be3 Bg7 7. Qd2 Ng4 8.
Bg5 h6 9. Bh4 O-O 10. O-O-O Kh7 11. f3 Nf6 12. g4 Nc6 13. Nxc6 bxc6 14. g5 Nh5
15. Bc4 Rb8 16. gxh6 Be5 17. Bg5 Be6 18. Bb3 c5 19. Nd5 Bxd5 20. Qxd5 Nf4 21.
Qd2 Ne6 22. f4 Bh8 23. Bxe6 Bxb2+ 24. Kb1 Bc3+ 25. Kc1 Qa5 0-1

[Event "Solingen-ch 2013"]
[Site "Solingen"]
[Date "2013.12.13"]
[Round "7.12"]
[White "Meckel, Helmut"]
[Black "Schubert, Stefan"]
[Result "1-0"]
[WhiteElo "1831"]
[BlackElo "1091"]
[PlyCount "91"]
[EventDate "2013.??.??"]
[EventRounds "7"]
[WhiteTeam "SG Solingen e.V."]
[BlackTeam "SG Solingen e.V."]

1. e4 e5 2. Nf3 Nc6 3. Bb5 Nf6 4. O-O Bc5 5. Bxc6 dxc6 6. Nxe5 Qd4 7. Nf3 Bg4
8. Nxd4 Bxd1 9. Nb3 Nxe4 10. Nxc5 Nxc5 11. Rxd1 O-O-O 12. d4 Rhe8 13. Be3 Ne6
14. Nc3 b6 15. d5 cxd5 16. Rxd5 Rxd5 17. Nxd5 c6 18. Nf4 h6 19. Nxe6 Rxe6 20.
Rd1 g5 21. Kf1 c5 22. a4 a5 23. Rd5 Kc7 24. Rf5 f6 25. Bd2 Rd6 26. Bc3 Kc6 27.
Rxf6 Rxf6 28. Bxf6 b5 29. g4 c4 30. Bg7 bxa4 31. c3 Kd5 32. f3 Ke6 33. Bxh6 Kf6
34. f4 gxf4 35. h4 Ke5 36. h5 f3 37. Bg7+ Ke4 38. h6 Kd3 39. h7 Kc2 40. h8=Q
Kxb2 41. Qh2+ Kb3 42. Ke1 f2+ 43. Qxf2 a3 44. Kd1 a2 45. Qc2+ Ka3 46. Bf8# 1-0

[Event "Solingen-ch 2013"]
[Site "Solingen"]
[Date "2013.12.13"]
[Round "7.13"]
[White "Ehringfeld, Michael"]
[Black "Barche, Robert"]
[Result "1-0"]
[WhiteElo "1360"]
[BlackElo "1257"]
[PlyCount "61"]
[EventDate "2013.??.??"]
[EventRounds "7"]
[WhiteTeam "SG Solingen e.V."]
[BlackTeam "SG Solingen e.V."]

1. d4 d5 2. Nf3 Nf6 3. Bg5 e6 4. e3 c5 5. c3 c4 6. Nbd2 Be7 7. Qc2 O-O 8. Be2
Nc6 9. e4 b5 10. e5 Nd7 11. Bxe7 Qxe7 12. b3 Qa3 13. O-O b4 14. bxc4 bxc3 15.
Nb1 Qb4 16. Nxc3 dxc4 17. Rfb1 Nxd4 18. Nxd4 Qc5 19. Nf3 Nxe5 20. Rb5 Qc7 21.
Rxe5 Bb7 22. Rh5 h6 23. Ng5 f5 24. Nxe6 Qc6 25. Bf3 Qxe6 26. Bxb7 Rae8 27. Bd5
Rf7 28. Bxe6 Rxe6 29. Rxf5 Rfe7 30. g3 g5 31. Nd5 1-0

[Event "Solingen-ch 2013"]
[Site "Solingen"]
[Date "2013.12.13"]
[Round "7.14"]
[White "Schubert, Florian"]
[Black "Falge, Rainer"]
[Result "0-1"]
[WhiteElo "984"]
[BlackElo "1731"]
[PlyCount "46"]
[EventDate "2013.??.??"]
[EventRounds "7"]
[WhiteTeam "SG Solingen e.V."]
[BlackTeam "SG Solingen e.V."]

1. e4 d6 2. Nf3 Nf6 3. Nc3 g6 4. d4 Bg7 5. Bd3 O-O 6. O-O Nc6 7. Be3 Bg4 8. Qe2
Nb4 9. Rad1 Nxd3 10. Rxd3 Qc8 11. Rc1 e5 12. Rd2 exd4 13. Rxd4 Nd7 14. Rd2 Ne5
15. Bd4 Bxf3 16. gxf3 Qh3 17. Bxe5 Bxe5 18. f4 Bxf4 19. f3 Bxd2 20. Qxd2 Qxf3
21. Qd5 Qe3+ 22. Kf1 Qxc1+ 23. Ke2 Qxc2+ 0-1

[Event "Solingen-ch 2013"]
[Site "Solingen"]
[Date "2013.12.13"]
[Round "7.16"]
[White "Wolf, Wieland"]
[Black "Kopernok, Ingo"]
[Result "0-1"]
[WhiteElo "1313"]
[BlackElo "1058"]
[PlyCount "62"]
[EventDate "2013.??.??"]
[EventRounds "7"]
[WhiteTeam "SG Solingen e.V."]
[BlackTeam "SG Solingen e.V."]

1. Nf3 d5 2. g3 Bf5 3. Bg2 Nf6 4. O-O e6 5. d4 Bd6 6. Re1 Ne4 7. Nbd2 Nc6 8. c3
h6 9. Nxe4 dxe4 10. Nd2 Qe7 11. Nxe4 O-O-O 12. Nxd6+ Qxd6 13. Qa4 Kb8 14. Bf4
Qd7 15. Bxc6 bxc6 16. Qb4+ Ka8 17. Qc5 Bh3 18. Be3 Rb8 19. d5 Rb6 20. dxc6 Qxc6
21. Qxc6+ Rxc6 22. Red1 f5 23. Rd7 g5 24. Rad1 Kb7 25. R7d4 e5 26. Rb4+ Ka8 27.
Ra4 a6 28. c4 f4 29. Bc1 Rf8 30. f3 Bf5 31. g4 Bc2 0-1

[Event "Solingen-ch 2013"]
[Site "Solingen"]
[Date "2013.12.13"]
[Round "7.17"]
[White "Littek, Oliver"]
[Black "Barche, Uwe"]
[Result "0-1"]
[WhiteElo "982"]
[BlackElo "1187"]
[PlyCount "68"]
[EventDate "2013.??.??"]
[EventRounds "7"]
[WhiteTeam "SG Solingen e.V."]
[BlackTeam "SG Solingen e.V."]

1. e4 e6 2. Nf3 d5 3. d3 c5 4. Be2 Nc6 5. O-O d4 6. c3 Nge7 7. Nbd2 Ng6 8. Nc4
b5 9. Ncd2 Be7 10. c4 a6 11. Nb3 Bb7 12. cxb5 axb5 13. Qc2 Qd6 14. Bg5 f6 15.
Bd2 O-O 16. Rac1 Nb4 17. Bxb4 cxb4 18. Nbxd4 Rxa2 19. Qb3 Ra6 20. Nxb5 Qb6 21.
Nbd4 Nf4 22. Ra1 Nxe2+ 23. Nxe2 Kh8 24. Ned4 e5 25. Nf5 Bd6 26. d4 Bxe4 27.
N3h4 Bxf5 28. Nxf5 Rxa1 29. Rxa1 exd4 30. Nxd6 Qxd6 31. Ra4 Re8 32. g3 Qc6 33.
h3 Re1+ 34. Kh2 Qh1# 0-1